Instruments of the classical orchestra - Statistics

General Stats
  • This quiz has been taken 458 times
  • The average score is 19 of 29
Answer Stats
Hint Answer % Correct
String Violin
98%
String Cello
97%
Woodwind Flute
97%
String Viola
97%
Woodwind Clarinet
96%
Brass Trumpet
94%
Woodwind Oboe
90%
Brass Trombone
90%
Brass Tuba
90%
String Double bass
86%
Brass French horn
86%
Woodwind Piccolo
84%
Woodwind Bassoon
82%
String Harp
82%
Percussion Timpani
71%
Perucssion Snare drum
65%
Percussion Xylophone
65%
Percussion Triangle
64%
Percussion Bass drum
62%
Woodwind Bass clarinet
60%
Percussion Cymbals
54%
Woodwind English horn
54%
Woodwind Contrabassoon
45%
Percussion Chimes
26%
Percussion Tambourine
25%
Percussion Maracas
14%
Percussion Celesta
10%
Percussion Gongs
9%
Woodwind Eb clarinet
6%
No matching quizzes found
Score Distribution
Percent of People with Each Score
Percentile by Number Answered
Your Score History
You have not taken this quiz